| 000 | 00524nam a2200181Ia 4500 | ||
|---|---|---|---|
| 003 | GCL | ||
| 008 | 140319s9999 xx 000 0 ara d | ||
| 040 |
_aGCL / _cGCL |
||
| 082 | 0 | 4 |
_a070.9 _bم ص |
| 100 | 1 | _aمحمود نجيب ابو الليل | |
| 245 | 1 | 0 |
_aصحافة فرنسا / _cمحمود نجيب ابو الليل |
| 300 | _a252 ص | ||
| 490 | _a | ||
| 650 | 0 | 4 | _aالصحافة - تاريخ |
| 650 | 0 | 4 | _aالصحافة الفرنسية - تاريخ |
| 650 | 0 | 4 | _aفرنسا - تاريخ |
| 942 |
_2ddc _cBK |
||
| 999 |
_c45268 _d45268 |
||